000
00287nam a22001337a 4500
008
170929b xxu||||| |||| 00| 0 eng d
020
_a
0879803908
041
_a
eng
080
_a
37
100
_a
47
101
_a
EDU
245
_a
TEST YOUR BRIDGE PLAY
_c
KANTAR,E.B
942
_2
udc
_c
BK
999
_c
30831
_d
30831